| 000 | 00358nam a2200145Ia 4500 | ||
|---|---|---|---|
| 005 | 20250404030230.0 | ||
| 008 | 240331s9999 xx 000 0 und d | ||
| 082 |
_bSOM _a894 |
||
| 100 | _aSomakanthan, | ||
| 245 | 0 | _aVidivelli poothathu | |
| 260 |
_aVadapalani _bKumaran Publishers _c1993 |
||
| 300 | _a158 p ., | ||
| 500 | _aA Tamil Social Novel | ||
| 942 | _cL | ||
| 999 |
_c4128 _d4128 |
||